000 00744nam a2200217 i 4500
001 bg
100 1 _aKASZOWSKA, Barbara
245 1 0 _aPlanowanie rozwoju elektroenergetycznej sieci przesyłowej w warunkach urynkowienia elektroenergetyki /
_cBarbara Kaszowska.
260 _aOpole :
_bOficyna Wydawnicza PO,
_c2000.
300 _a187 s. :
_brys. ;
_c24 cm.
490 1 _aStudia i Monografie. Politechnika Opolska,
_x1429-6063 ;
_vz.115
504 _aBibliogr. s. 170-178.
650 9 _aElektroenergetyka
_xurządzenia
650 9 _aElektroenergetyka
_xplanowanie
830 0 _aStudia i Monografie.
_pPolitechnika Opolska
040 _cBPK
041 0 _apl
080 _a621.31
942 _cKS
008 s pl f |000 0 pol
999 _c37952
_d37952
856 _uhttp://koha.tu.koszalin.pl/cgi-bin/koha/opac-detail.pl?biblionumber=37952
_yKatalog online BPK